Verso y prosa /
Guardado en:
| Autor Principal: | |
|---|---|
| Formato: | Libro |
| Idioma: | Spanish |
| Publicado: |
Buenos Aires :
Colombo,
1950.
|
| Etiquetas: |
Agregar Etiqueta
Sin Etiquetas, Sea el primero en etiquetar este registro!
|
| LEADER | 00429nam a22001575a 4500 | ||
|---|---|---|---|
| 001 | EUN.um050021 | ||
| 003 | AR-BaUNS | ||
| 005 | 20050623122917.0 | ||
| 008 | 041125s1950####ag############000#0#spa#d | ||
| 245 | 1 | 0 | |a Verso y prosa / |c Enrique Banchs. |
| 260 | |a Buenos Aires : |b Colombo, |c 1950. | ||
| 300 | |a 72 p. | ||
| 100 | 1 | |a Banchs, Enrique. | |
| 082 | 0 | 4 | |a A861.4 |
| 082 | 0 | 4 | |a A861.07 |
| 859 | |a Ar-BaUNS |b BIB. CENTRAL - Sector C |h A861.4 |i B221-2 |p 3625/959 | ||
